Music Quiz

Random Music or Singers Quiz

Find the Rock and Roll Hall of Fame Inductees (1990s) Quiz Stats

 Plays Quiz Updated May 3, 2018

Score 0/20 Timer 04:00
1 Play Today
% Correct
The Jackson 5 (1997)
97.6%
Simon & Garfunkel (1990)
97.3%
Elton John (1994)
97.3%
Bob Marley (1994)
96.8%
Bruce Springsteen (1999)
96.7%
David Bowie (1996)
96.6%
Johnny Cash (1992)
96%
The Jimi Hendrix Experience (1992)
95.1%
Billy Joel (1999)
94.4%
The Doors (1993)
94.3%
% Correct
Bee Gees (1997)
94.3%
Joni Mitchell (1997)
92.8%
Neil Young (1995)
91.5%
Frank Zappa (1995)
91.5%
Santana (1998)
91.1%
Led Zeppelin (1995)
90.6%
Janis Joplin (1995)
89.4%
The Who (1990)
87%
Dusty Springfield (1999)
85.6%
Pink Floyd (1996)
84.6%

You're not logged in!

Compare scores with friends on all Sporcle quizzes.
Join for Free
OR
Log In

You Might Also Like...

Show Comments

Extras

Top Quizzes Today


Score Distribution

Your Account Isn't Verified!

In order to create a playlist on Sporcle, you need to verify the email address you used during registration. Go to your Sporcle Settings to finish the process.

Report this User

Report this user for behavior that violates our Community Guidelines.

Details: